Повышение точности расчетов потерь ЭЭ в низковольтных цеховых сетях; Электрика; № 5
| Parent link: | Электрика: научно-технический журнал.— , 2001- № 5.— 2015.— [С. 10-15] |
|---|---|
| Autor principal: | |
| Autor Corporativo: | |
| Otros Autores: | |
| Sumario: | Заглавие с экрана Представлены результаты исследования по возможности анализа потерь ЭЭ в оборудовании низковольтных цеховых сетей. Режим доступа: по договору с организацией-держателем ресурса |
| Lenguaje: | ruso |
| Publicado: |
2015
|
| Colección: | Электрическое хозяйство: проблемы и эффективность |
| Materias: | |
| Acceso en línea: | http://elibrary.ru/item.asp?id=23466629 |
| Formato: | MixedMaterials Electrónico Capítulo de libro |
| KOHA link: | https://koha.lib.tpu.ru/cgi-bin/koha/opac-detail.pl?biblionumber=645119 |
MARC
| LEADER | 00000nla0a2200000 4500 | ||
|---|---|---|---|
| 001 | 645119 | ||
| 005 | 20250320110618.0 | ||
| 035 | |a (RuTPU)RU\TPU\network\10203 | ||
| 035 | |a RU\TPU\network\9656 | ||
| 090 | |a 645119 | ||
| 100 | |a 20151210d2015 k||y0rusy50 ca | ||
| 101 | 0 | |a rus | |
| 102 | |a RU | ||
| 135 | |a drnn ---uucaa | ||
| 181 | 0 | |a i | |
| 182 | 0 | |a b | |
| 200 | 1 | |a Повышение точности расчетов потерь ЭЭ в низковольтных цеховых сетях |f Е. И. Грачева, А. Г. Гарганеев | |
| 203 | |a Текст |c электронный | ||
| 225 | 1 | |a Электрическое хозяйство: проблемы и эффективность | |
| 300 | |a Заглавие с экрана | ||
| 320 | |a [Библиогр.: с. 15 (14 назв.)] | ||
| 330 | |a Представлены результаты исследования по возможности анализа потерь ЭЭ в оборудовании низковольтных цеховых сетей. | ||
| 333 | |a Режим доступа: по договору с организацией-держателем ресурса | ||
| 461 | |t Электрика |o научно-технический журнал |d 2001- | ||
| 463 | |t № 5 |v [С. 10-15] |d 2015 | ||
| 610 | 1 | |a электронный ресурс | |
| 610 | 1 | |a труды учёных ТПУ | |
| 610 | 1 | |a цеховые сети | |
| 700 | 1 | |a Грачева |b Е. И. |g Елена Ивановна | |
| 701 | 1 | |a Гарганеев |b А. Г. |c специалист в области электротехники |c профессор Томского политехнического университета, доктор технических наук |f 1955- |g Александр Георгиевич |3 (RuTPU)RU\TPU\pers\27965 | |
| 712 | 0 | 2 | |a Национальный исследовательский Томский политехнический университет (ТПУ) |b Энергетический институт (ЭНИН) |b Кафедра электротехнических комплексов и материалов (ЭКМ) |3 (RuTPU)RU\TPU\col\20031 |
| 801 | 2 | |a RU |b 63413507 |c 20151210 |g RCR | |
| 856 | 4 | |u http://elibrary.ru/item.asp?id=23466629 | |
| 942 | |c CF | ||